[Event "Goch op 26th"]
[Site "Goch"]
[Date "2015.09.04"]
[Round "2"]
[White "Vovchik, Vladimir"]
[Black "Unkrig, Frank"]
[Result "1-0"]
[WhiteElo "1849"]
[BlackElo "1527"]
[PlyCount "63"]
[EventDate "2015.09.03"]
[EventType "swiss"]
[EventRounds "7"]
[EventCountry "GER"]
[SourceTitle "EXT 2018"]
[Source "ChessBase"]
[SourceDate "2017.10.13"]
[SourceVersion "1"]
[SourceVersionDate "2017.10.13"]
[SourceQuality "1"]

1. e4 e6 2. d4 d5 3. Nc3 c5 4. exd5 exd5 5. dxc5 Be6 6. Be3 Nc6 7. Bb5 Rc8 8. Nge2 a6 9. Ba4 Qa5 10. Nd4 Bxc5 11. Nb3 Qc7 12. Nxc5 Nge7 13. Nxe6 fxe6 14. Qh5+ Ng6 15. Rd1 b5 16. Bb3 Na5 17. Qg4 Qc6 18. 0-0 0-0 19. Nxd5 Nxb3 20. Nb4 Qe8 21. cxb3 a5 22. Nd3 Rd8 23. Nc5 Rxd1 24. Rxd1 e5 25. g3 Rf7 26. h4 Rc7 27. Ne6 Rd7 28. Rc1 Rd6 29. Ng5 Ne7 30. h5 g6 31. Ne4 Rb6 32. Bxb6 1-0

[Event "Goch op 25th"]
[Site "Goch"]
[Date "2014.09.04"]
[Round "1"]
[White "Vovchik, Vladimir"]
[Black "Pauly, Carlo"]
[Result "0-1"]
[WhiteElo "1864"]
[BlackElo "2184"]
[PlyCount "102"]
[EventDate "2014.09.04"]
[EventType "swiss"]
[EventRounds "7"]
[EventCountry "GER"]
[SourceTitle "EXT 2016"]
[Source "ChessBase"]
[SourceDate "2015.10.08"]
[SourceVersion "1"]
[SourceVersionDate "2015.10.08"]
[SourceQuality "1"]

1. e4 c5 2. Nf3 d6 3. Bb5+ Nd7 4. c4 Ngf6 5. Nc3 e6 6. 0-0 Be7 7. d4 cxd4 8. Nxd4 0-0 9. Re1 Qc7 10. Qe2 Nb6 11. a4 a6 12. a5 Nbd7 13. Bxd7 Bxd7 14. b3 Rfe8 15. Qd3 Ng4 16. h3 Ne5 17. Qg3 Bf6 18. Be3 h5 19. Nde2 h4 20. Qh2 Bc6 21. Bb6 Qe7 22. Rad1 Rac8 23. Nd4 Nd7 24. Nxc6 bxc6 25. Na4 e5 26. Rd3 d5 27. c5 d4 28. Rc1 Nf8 29. Nb2 Ne6 30. g3 Bg5 31. Rc2 hxg3 32. fxg3 Be3+ 33. Kh1 Ng5 34. Qg2 f5 35. exf5 e4 36. Rxe3 dxe3 37. Nc4 Nf3 38. Re2 Nd4 39. Nd6 Nxe2 40. Nxc8 Nxg3+ 41. Qxg3 Rxc8 42. Qxe3 Rf8 43. b4 Rxf5 44. b5 Rf3 45. Qd2 Rxh3+ 46. Kg2 Rf3 47. Bd8 Qe6 48. Bc7 Qg4+ 49. Kh1 Rh3+ 50. Qh2 Rxh2+ 51. Kxh2 cxb5 0-1

[Event "GER-chA Seniors 26th"]
[Site "Bad Neuenahr"]
[Date "2014.08.12"]
[Round "8"]
[White "Josting, Friedel"]
[Black "Vovchik, Vladimir"]
[Result "0-1"]
[WhiteElo "1986"]
[BlackElo "1840"]
[PlyCount "112"]
[EventDate "2014.08.05"]
[EventType "swiss"]
[EventRounds "9"]
[EventCountry "GER"]
[SourceTitle "EXT 2018"]
[Source "ChessBase"]
[SourceDate "2017.10.13"]
[SourceVersion "1"]
[SourceVersionDate "2017.10.13"]
[SourceQuality "1"]

1. d4 Nf6 2. Nf3 g6 3. Bf4 Bg7 4. Nbd2 0-0 5. h3 d6 6. e3 Nh5 7. Bh2 f5 8. Be2 a5 9. c4 c5 10. Qc2 Nc6 11. dxc5 Nb4 12. Qb3 dxc5 13. Rc1 a4 14. Qa3 Qb6 15. 0-0 f4 16. e4 Nc6 17. Rb1 Rd8 18. Rfd1 e5 19. b3 Qb4 20. Qc1 a3 21. Nf1 Be6 22. Qc2 Nd4 23. Nxd4 Rxd4 24. Rxd4 cxd4 25. Bxh5 gxh5 26. Qe2 Bf7 27. g3 Bh6 28. gxf4 exf4 29. Rd1 Qb6 30. Rd3 Re8 31. Nd2 Bg6 32. f3 Rd8 33. Qf2 Bf7 34. Kh1 Kh8 35. Qh4 Rf8 36. Qf2 Rd8 37. Qh4 Rg8 38. Bg1 Bg7 39. Qxf4 Qg6 40. Qh2 h6 41. Bxd4 Bxd4 42. Rxd4 Be6 43. Rd6 Qg7 44. Qe2 Qa1+ 45. Qf1 Qe5 46. Rb6 Rg3 47. f4 Qc3 48. Qf2 Rxh3+ 49. Kg2 Qg7+ 50. Kf1 Qa1+ 51. Ke2 Bg4+ 52. Nf3 Qxa2+ 53. Ke1 Qb1+ 54. Ke2 Qxe4+ 55. Qe3 Bxf3+ 56. Kd2 Rh2+ 0-1

[Event "GER-ch Seniors"]
[Site "Dresden"]
[Date "2012.08.15"]
[Round "7"]
[White "Vovchik, Vladimir"]
[Black "Nietsch, Horst"]
[Result "0-1"]
[WhiteElo "1761"]
[BlackElo "2000"]
[PlyCount "70"]
[EventDate "2012.08.09"]
[EventType "swiss"]
[EventRounds "9"]
[EventCountry "GER"]
[SourceTitle "EXT 2014"]
[Source "ChessBase"]
[SourceDate "2013.11.20"]
[SourceVersion "1"]
[SourceVersionDate "2013.11.20"]
[SourceQuality "1"]

1. e4 e6 2. d4 d5 3. Nc3 dxe4 4. Nxe4 Be7 5. Be3 Nd7 6. Bb5 c6 7. Bd3 Ngf6 8. f3 Nd5 9. Bd2 f5 10. Nf2 Qb6 11. c4 Nb4 12. c5 Nxd3+ 13. Nxd3 Qd8 14. Bc3 0-0 15. Ne2 Nf6 16. Ne5 Nd5 17. Bd2 Bh4+ 18. g3 Bf6 19. f4 Qc7 20. Nc3 b6 21. Nxd5 exd5 22. Rc1 Bb7 23. Bb4 b5 24. Bc3 a5 25. a3 Ba6 26. b4 axb4 27. Bxb4 Bc8 28. h4 Be6 29. h5 h6 30. Qd3 Rae8 31. Kd2 Bxe5 32. dxe5 d4 33. Rce1 Bc4 34. Qb1 Bd5 35. Rh2 Rf7 0-1

[Event "GER-ch Seniors"]
[Site "Dresden"]
[Date "2012.08.13"]
[Round "5"]
[White "Vovchik, Vladimir"]
[Black "Krueger, Bernd"]
[Result "1-0"]
[WhiteElo "1761"]
[BlackElo "1767"]
[PlyCount "29"]
[EventDate "2012.08.09"]
[EventType "swiss"]
[EventRounds "9"]
[EventCountry "GER"]
[SourceTitle "EXT 2014"]
[Source "ChessBase"]
[SourceDate "2013.11.20"]
[SourceVersion "1"]
[SourceVersionDate "2013.11.20"]
[SourceQuality "1"]

1. e4 d5 2. exd5 Qxd5 3. Nc3 Qd6 4. d4 a6 5. Bc4 Bf5 6. h4 Nc6 7. g4 Bc8 8. Be3 b5 9. Bd3 Bb7 10. Ne4 Qd8 11. Nc5 Bc8 12. Qf3 Nf6 13. Qxc6+ Bd7 14. Nxd7 Nxd7 15. Nf3 1-0

[Event "GER-ch Seniors"]
[Site "Dresden"]
[Date "2012.08.11"]
[Round "3"]
[White "Vovchik, Vladimir"]
[Black "Hielscher, Klaus Wieprecht"]
[Result "1-0"]
[WhiteElo "1761"]
[BlackElo "1823"]
[PlyCount "85"]
[EventDate "2012.08.09"]
[EventType "swiss"]
[EventRounds "9"]
[EventCountry "GER"]
[SourceTitle "EXT 2014"]
[Source "ChessBase"]
[SourceDate "2013.11.20"]
[SourceVersion "1"]
[SourceVersionDate "2013.11.20"]
[SourceQuality "1"]

1. e4 c5 2. Nf3 e6 3. d4 cxd4 4. Nxd4 Nf6 5. Nc3 Nc6 6. Be3 a6 7. f3 d6 8. Be2 Be7 9. Qd2 0-0 10. g4 Nxd4 11. Bxd4 e5 12. Be3 b5 13. Nd5 Nxd5 14. exd5 Bh4+ 15. Kd1 f5 16. gxf5 Bxf5 17. Rg1 Rc8 18. Rc1 e4 19. f4 Bf6 20. Rb1 Rb8 21. a3 a5 22. c3 Rf7 23. Bh5 Rfb7 24. Bg4 Qd7 25. Bxf5 Qxf5 26. Rg3 b4 27. axb4 axb4 28. c4 Rc8 29. b3 Ra8 30. h3 Bc3 31. Qg2 Ra1 32. Rxa1 Bxa1 33. Qa2 Qh5+ 34. Rg4 Rf7 35. Qa8+ Rf8 36. Qxa1 g6 37. Qa7 Qxh3 38. Rg1 Rf7 39. Qa8+ Rf8 40. Qb7 Rf7 41. Qc6 Qh5+ 42. Kc1 Qh2 43. Qxd6 1-0

[Event "Solingen Karneval op"]
[Site "Solingen"]
[Date "2011.03.06"]
[Round "5"]
[White "Herzum, Peter"]
[Black "Vovchik, Vladimir"]
[Result "1-0"]
[WhiteElo "1327"]
[BlackElo "1769"]
[PlyCount "103"]
[EventDate "2011.03.04"]
[EventType "swiss"]
[EventRounds "5"]
[EventCountry "GER"]
[SourceTitle "EXT 2015"]
[Source "ChessBase"]
[SourceDate "2014.11.20"]
[SourceVersion "1"]
[SourceVersionDate "2014.11.20"]
[SourceQuality "1"]

1. e4 e5 2. Nf3 Nc6 3. Bb5 a6 4. Ba4 Nf6 5. d4 exd4 6. 0-0 Be7 7. e5 Ne4 8. Re1 Nc5 9. Bb3 Nxb3 10. axb3 0-0 11. Nxd4 Nxd4 12. Qxd4 b6 13. Nc3 Bc5 14. Qe4 c6 15. Na4 Be7 16. Be3 Rb8 17. Rad1 a5 18. Qd4 c5 19. Qd3 Qc7 20. Bf4 Ra8 21. Qg3 Qc6 22. Nc3 Bb7 23. Nd5 Bd8 24. Bg5 Bxg5 25. Qxg5 Kh8 26. Ne7 h6 27. Nxc6 hxg5 28. Ne7 Rad8 29. Rd6 Rfe8 30. Rxb6 Bc6 31. Nxc6 dxc6 32. Rxc6 Rxe5 33. Kf1 Red5 34. f3 g6 35. Rc7 Kg7 36. Ree7 Rf5 37. Ke2 Rdd5 38. Rcd7 Kf8 39. Rxd5 Kxe7 40. Rxf5 gxf5 41. Kd3 Kd6 42. Kc4 Kc6 43. c3 f4 44. b4 axb4 45. cxb4 cxb4 46. Kxb4 Kd5 47. Kc3 f6 48. b4 f5 49. b5 Kc5 50. b6 Kxb6 51. Kd4 g4 52. Ke5 1-0

[Event "Solingen Karneval op"]
[Site "Solingen"]
[Date "2011.03.05"]
[Round "2"]
[White "Zolfagharian, Kevin"]
[Black "Vovchik, Vladimir"]
[Result "1-0"]
[WhiteElo "1626"]
[BlackElo "1769"]
[PlyCount "73"]
[EventDate "2011.03.04"]
[EventType "swiss"]
[EventRounds "5"]
[EventCountry "GER"]
[SourceTitle "EXT 2015"]
[Source "ChessBase"]
[SourceDate "2014.11.20"]
[SourceVersion "1"]
[SourceVersionDate "2014.11.20"]
[SourceQuality "1"]

1. e4 e5 2. Nf3 Nc6 3. Bc4 Bc5 4. c3 Nf6 5. d4 exd4 6. e5 Qe7 7. 0-0 Ne4 8. cxd4 Bb6 9. Bd5 Nc5 10. dxc5 Bxc5 11. Nc3 h6 12. Re1 0-0 13. a3 Nd8 14. Ba2 c6 15. Ne4 Ne6 16. Bxe6 fxe6 17. Qc2 Bb6 18. Nd6 Bc7 19. Qg6 Bxd6 20. exd6 Qf6 21. Qxf6 Rxf6 22. Be3 Kf7 23. Bd4 Rf5 24. Ne5+ Kg8 25. g4 Rf4 26. Rad1 b6 27. Kg2 c5 28. Bc3 Kh7 29. Kg3 g5 30. h4 Bb7 31. hxg5 hxg5 32. Rh1+ Bxh1 33. Rxh1+ Kg8 34. Ng6 Kf7 35. Nxf4 gxf4+ 36. Kxf4 Kg6 37. Rh8 1-0

[Event "Goch op 21st"]
[Site "Goch"]
[Date "2010.10.01"]
[Round "2"]
[White "Dehn, Marcus"]
[Black "Vovchik, Vladimir"]
[Result "1-0"]
[WhiteElo "2113"]
[BlackElo "1717"]
[PlyCount "65"]
[EventDate "2010.09.30"]
[EventType "swiss"]
[EventRounds "7"]
[EventCountry "GER"]
[SourceTitle "EXT 2012"]
[Source "ChessBase"]
[SourceDate "2011.11.24"]
[SourceVersion "1"]
[SourceVersionDate "2011.11.24"]
[SourceQuality "1"]

1. d4 Nf6 2. Bg5 Ne4 3. Bf4 e6 4. f3 Nf6 5. c3 Nh5 6. Be3 Bd6 7. Bf2 c6 8. e4 Be7 9. g3 a5 10. f4 g6 11. Be2 Nf6 12. Nd2 a4 13. a3 d5 14. e5 Nfd7 15. Ngf3 b6 16. Rg1 Ba6 17. g4 Bxe2 18. Qxe2 c5 19. f5 Qc8 20. c4 Qb7 21. Rd1 cxd4 22. Nxd4 Nc5 23. cxd5 Qxd5 24. Nc4 Qb7 25. f6 Bf8 26. Nb5 Qc6 27. Nbd6+ Bxd6 28. Rxd6 Qe4 29. Nxb6 Qxe2+ 30. Kxe2 Ra5 31. Rc1 Nba6 32. Rc6 0-0 33. Bxc5 1-0

[Event "Goch op 20th"]
[Site "Goch"]
[Date "2009.10.04"]
[Round "6"]
[White "Hombrecher, Kai"]
[Black "Vovchik, Vladimir"]
[Result "1-0"]
[WhiteElo "1933"]
[BlackElo "1711"]
[PlyCount "49"]
[EventDate "2009.10.01"]
[EventType "swiss"]
[EventRounds "7"]
[EventCountry "GER"]
[SourceTitle "EXT 2011"]
[Source "ChessBase"]
[SourceDate "2010.11.26"]
[SourceVersion "1"]
[SourceVersionDate "2010.11.26"]
[SourceQuality "1"]

1. Nf3 Nf6 2. g3 b6 3. Bg2 Bb7 4. 0-0 e6 5. c4 c5 6. Nc3 a6 7. d4 cxd4 8. Qxd4 Bc5 9. Qd1 0-0 10. b3 Qc7 11. Bf4 d6 12. a3 e5 13. Bg5 a5 14. Bxf6 gxf6 15. Nd5 Bxd5 16. Qxd5 Ra7 17. Nh4 Qc8 18. Qd2 Qg4 19. e3 Kh8 20. b4 axb4 21. axb4 Rxa1 22. Rxa1 Qxc4 23. bxc5 dxc5 24. Qd6 Qe6 25. Qxf8# 1-0

[Event "Duesseldorf Nord Cup 9th GrF"]
[Site "Duesseldorf"]
[Date "2009.08.15"]
[Round "2.1"]
[White "Schott, Detlef"]
[Black "Vovchik, Vladimir"]
[Result "0-1"]
[WhiteElo "1787"]
[BlackElo "1711"]
[PlyCount "94"]
[EventDate "2009.08.14"]
[EventType "tourn"]
[EventRounds "5"]
[EventCountry "GER"]
[SourceTitle "EXT 2017"]
[Source "ChessBase"]
[SourceDate "2016.10.25"]
[SourceVersion "1"]
[SourceVersionDate "2016.10.25"]
[SourceQuality "1"]

1. Nf3 Nf6 2. c4 d6 3. Nc3 g6 4. d3 Bg7 5. Bd2 0-0 6. e4 Nbd7 7. Be2 a5 8. Qc1 c6 9. Bh6 a4 10. h4 Qa5 11. h5 Bxh6 12. Qxh6 Ng4 13. Qd2 Qb6 14. d4 a3 15. b3 e5 16. Qg5 Ndf6 17. 0-0-0 h6 18. Qh4 Qa5 19. Kc2 exd4 20. Nxd4 g5 21. Qg3 Qe5 22. Qf3 Re8 23. Rhe1 Nh2 24. Qd3 Nfg4 25. Bxg4 Nxg4 26. Re2 Qc5 27. f3 Ne5 28. Qd2 Ra6 29. Kb1 Qb4 30. Re3 Nxc4 31. Qd3 Nxe3 32. Qxe3 Qc5 33. Rc1 Qe5 34. Nc2 d5 35. Qd4 Qxd4 36. Nxd4 dxe4 37. Nxe4 Kg7 38. Rc5 Rd8 39. Ne2 Be6 40. Kc2 f5 41. N4c3 Kf6 42. f4 g4 43. Re5 b5 44. Nd1 Ra7 45. Ne3 Rad7 46. Ng3 Rd2+ 47. Kb1 Rb2+ 0-1